000 00615nam a2200241Ia 4500
001 31309
005 20240114001522.0
007 ta
008 060803s1378 g b000 u 346 u
040 _aCotton College,Assam
041 _a346
082 _a891.44109
_bD 57 N
100 _aDildar, .
245 0 _aNajrul Smritikatha /
_cDildar.
_hTextual Documents
250 _a1st ed. /
260 _aCalcutta :
_bMeghdut Prakashani ,
_c1378.
300 _a280p. ;
_c22cm.
653 _aBengali Poetry-Criticism
653 _aG-Bengali
942 _2ddc
_cBK
999 _c31291
_d31291